• 首页
  • 本馆介绍
  • 公告通知
  • 最新文献
  • 馆藏检索
  • 电子资源
  • 读者导购
  • 参考咨询
  • 我的图书馆
  • 登录
  • 详细信息显示
  • 放入我的书架
  • 预约/预借图书
  • 作者相关作品
  • 分类相关作品
  • 丛书相关作品
  • 出版社相关作品

书目信息

  • 表格格式
  • 工作单格式
  • 卡片格式
题名:
在北大听讲座
    
 
作者: 文池 主编
分册:   思想的声音
出版信息: 北京   中国城市出版社  2002
页数: 343页
开本: 20cm
丛书名:
单 册:
中图分类: C53
科图分类:
主题词: 社会科学--文集 , 演讲--文集
电子资源:
ISBN: 7-5074-1090-0
000 00653nam0 2200229 45
001 0201281179
005 20031219104120.6
010    @a7-5074-1090-0@dCNY22.00
100    @a20020128d2002 km y0chiy0120 ea
101 0  @achi
105    @a z 000yy
200 1  @a在北大听讲座@i思想的声音@AZai Bei Da Ting Jiang Zuo@f文池主编@FWen Chi Zhu Bian
205    @a2版
210    @a北京@c中国城市出版社@d2002
215    @a343页@d20cm
517    @a思想的声音@ASi Xiang De Sheng Yin
606 0  @a社会科学@x文集
606 0  @a演讲@x文集
690    @aC53@v4
701  0 @a文池@4主编
801    @aCN@bTSTC@c20031025
905    @a213230@b327116-120@dC53@e111:1=2@f5
    
    在北大听讲座.思想的声音/文池主编.-2版.-北京:中国城市出版社,2002
    343页;20cm
    
    
    ISBN 7-5074-1090-0:CNY22.00
    
●
相关链接 在E读中查询图书 在五车中查询图书 在当当中查询图书 在豆瓣中查询图书


正题名:在北大听讲座     索取号:C53/111:1=2         预约/预借

序号 登录号 条形码 馆藏地/架位号 状态 备注
1 0327116   203271164   第一借阅区/ [索取号:C53/111:1=2] 在馆    
2 0327117   203271173   密集书库/ [索取号:C53/111:1=2] 在馆    
3 0327118   203271182   密集书库/ [索取号:C53/111:1=2] 在馆    
4 0327119   203271191   第一借阅区/ [索取号:C53/111:1=2] 在馆    
5 0327120   203271208   第一样本阅览室/ [索取号:C53/111:1=2] 在馆    
唐山师范学院图书馆 欢迎您!
大连网信软件有限公司© 版权所有